| 000 | 01164na a2200313 4500 | ||
|---|---|---|---|
| 999 |
_c9768 _d9768 |
||
| 001 | 23161 | ||
| 003 | MIRAKIL | ||
| 005 | 20200619163952.0 | ||
| 008 | 170728b tu 000 0 | ||
| 035 | _a20746 | ||
| 040 |
_aMilas _btur _cTR-AnCHP |
||
| 041 | _atur | ||
| 082 |
_aCHP 363.7 _bC36523a 2017 |
||
| 090 | _aBROŞÜR 502 | ||
| 110 |
_aCumhuriyet Halk Partisi (CHP) _bİnsan ve Doğa Hakları Genel Başkan Yardımcılığı |
||
| 245 |
_aAKP'nin doğa talanı karnesi _cCHP İnsan ve Doğa Hakları Genel Başkan Yardımcılığı |
||
| 260 |
_aAnkara _bCHP _c2017 |
||
| 300 |
_a29 s. _brnk. ; hrt. _c13 sm. |
||
| 440 |
_aCHP İnsan ve Doğa Hakları yayınlar _pBroşürler |
||
| 610 |
_aAKP _xSiyaset ve yönetim _y2002- |
||
| 610 |
_aCumhuriyet Halk Partisi (CHP) _xÇevre politikaları _yAKP iktidarı |
||
| 650 |
_aÇevre sorunları _xAKP iktidarı _yİstatistikler |
||
| 650 |
_a Çevre politikaları _xAKP iktidarı _yİstatistikler |
||
| 830 | _aCHP broşürleri | ||
| 942 | _cBKS | ||
| 999 | _d9768 | ||